Sandry's book /

This is a story about craft, about work, about magic, and most of all about the pleasure and difficulty of friendship. It begins when four young misfits with a talent for magic (and trouble!) arrive at Winding Circle Temple. Despite their differences, Sandry (the noble), Tris (the merchant girl),...

Full description

Bibliographic Details
Main Author: Pierce, Tamora
Corporate Author: Full Cast Audio (Firm)
Other Authors: Coville, Bruce
Format: CD Audio Book
Language:English
Published: Syracuse, NY : Full Cast Audio, [2002]
Series:Pierce, Tamora. Circle of magic (Full Cast Audio (Firm))
Subjects:

MARC

Tag First Indicator Second Indicator Subfields
LEADER 00000cim a2200000Ia 4500
001 in00002331237
005 20151108044353.0
007 sd fungnn|m|ed
008 030314s2002 nyu n j f eng d
020 |a 1932076158 
020 |a 9781932076158 
028 0 2 |a 02004CDA  |b Full Cast Audio 
029 1 |a NZ1  |b 8578379 
035 |a (OCoLC)ocm51859712 
035 |a (OCoLC)51859712 
040 |a YVO  |c YVO  |d OCL  |d BAKER  |d NZPNA  |d TXA  |d UtOrBLW 
049 |a TXAM 
050 4 |a PZ7.P61464  |b San 2002 
082 1 4 |a [Fic.]  |2 22 
100 1 |a Pierce, Tamora. 
245 1 0 |a Sandry's book /  |c Tamora Pierce. 
264 1 |a Syracuse, NY :  |b Full Cast Audio,  |c [2002] 
264 4 |c ℗2002 
300 |a 5 sound discs (approximately 6 hrs.) :  |b digital ;  |c 4 3/4 in. 
336 |a spoken word  |b spw  |2 rdacontent 
337 |a audio  |b s  |2 rdamedia 
338 |a audio disc  |b sd  |2 rdacarrier 
490 1 |a Circle of magic 
511 0 |a Read by Tamora Pierce and the Full Cast family. 
508 |a Directed by Bruce Coville ; produced by Bruce Coville and Daniel Bostick. 
500 |a Unabridged. 
500 |a Compact discs. 
500 |a Special feature! An exclusive afterword with Tamora Pierce, talking about how she wrote Circle of Magic. 
520 |a This is a story about craft, about work, about magic, and most of all about the pleasure and difficulty of friendship. It begins when four young misfits with a talent for magic (and trouble!) arrive at Winding Circle Temple. Despite their differences, Sandry (the noble), Tris (the merchant girl), Daja (the trader), and Briar (the "streetrat") find themselves bound together ina Circle of Magic--a circle they will need when they face crushing danger in a white-knuckle climax that will have listeners glued to the edges of their seats. 
521 1 |a Ages 8 and up. 
500 |a Sound recording. 
650 0 |a Friendship  |v Juvenile sound recordings. 
655 7 |a Fantasy fiction.  |2 gsafd 
650 0 |a Magic  |v Juvenile sound recordings. 
655 7 |a Children's audiobooks.  |2 lcgft 
700 1 |a Coville, Bruce. 
710 2 |a Full Cast Audio (Firm) 
800 1 |a Pierce, Tamora.  |t Circle of magic (Full Cast Audio (Firm)) 
994 |a C0  |b TXA 
948 |a cataloged  |b h  |c 2007/10/15  |d c  |e blrosas  |f 10:18:45 am 
999 |a MARS 
999 f f |s bd9bcea0-fae7-338e-9a3d-b0581b1d8486  |i 4991f12f-a7e2-3c87-a143-e1173e9f34ff  |t 0 
952 f f |p normal  |a Texas A&M University  |b College Station  |c Sterling C. Evans Library  |d Evans: Curriculum Collection (4th floor)  |t 0  |e PZ7.P61464 San 2002  |h Library of Congress classification  |i audio -- audio disc  |m A14836594725 
998 f f |a PZ7.P61464 San 2002  |t 0  |l Evans: Curriculum Collection (4th floor)